000 00253nam a2200097Ia 4500
001 962215
005 20250826220144.0
008 250824s9999 xx 000 0 und d
245 0 _aDOMBİLİ VE TİLKİ GECESİ
_cJUDITH KERR
260 _bHEP KİTAP YAYINLARI
999 _c962215
_d962215